书目信息 |
| 题名: |
PKPM软件砌体与底框结构设计入门
|
|
| 作者: | 贾英杰 , 金新阳 编著 | |
| 分册: | ||
| 出版信息: | 北京 中国建筑工业出版社 2009.09 |
|
| 页数: | 255页 | |
| 开本: | 26cm | |
| 丛书名: | 2008版PKPM结构设计软件入门丛书 | |
| 单 册: | ||
| 中图分类: | TU311.41 | |
| 科图分类: | ||
| 主题词: | 建筑结构--计算机辅助设计 , 建筑结构--结构计算 | |
| 电子资源: | ||
| ISBN: | 978-7-112-10973-9 | |
| 000 | 01101nam 2200289 450 | |
| 001 | 1064970500 | |
| 005 | 20100508144105.50 | |
| 010 | @a978-7-112-10973-9@dCNY39.00 (含光盘) | |
| 010 | @a978-7-89475-072-3@b光盘 | |
| 100 | @a20100515d2009 km y0chiy0120 ea | |
| 101 | 0 | @achi |
| 102 | @aCN@b110000 | |
| 105 | @aa a 000yy | |
| 200 | 1 | @aPKPM软件砌体与底框结构设计入门@APKPM ruan jian qi ti yu di kuang jie gou she ji ru men@f贾英杰, 金新阳编著@Fjia ying jie,jin xin yang bian zhu |
| 210 | @a北京@c中国建筑工业出版社@d2009.09 | |
| 215 | @a255页@c图@d26cm@e光盘1片 | |
| 225 | 2 | @a2008版PKPM结构设计软件入门丛书 |
| 320 | @a有书目 | |
| 330 | @a本书结合土木工程结构设计方法和辅助设计系统,介绍了中国建筑科学研究院PKPMCAD工程部系列软件QITI及相关模块等在普通砖砌体结构、底框砖混结构和砌块建筑中的应用。 | |
| 410 | 0 | @12001 @a2008版PKPM结构设计软件入门丛书 |
| 606 | 0 | @a建筑结构@x计算机辅助设计 |
| 606 | 0 | @a建筑结构@x结构计算 |
| 690 | @aTU311.41@v4 | |
| 701 | 0 | @a贾英杰@Ajia ying jie@4编著 |
| 701 | 0 | @a金新阳@Ajin xin yang@4编著 |
| 801 | 0 | @aCN@c20100515 |
| 905 | @dTU311.41@eJ252@f3 | |
| PKPM软件砌体与底框结构设计入门/贾英杰, 金新阳编著.-北京:中国建筑工业出版社,2009.09 |
| 255页:图;26cm+光盘1片.-(2008版PKPM结构设计软件入门丛书) |
| ISBN 978-7-112-10973-9:CNY39.00 (含光盘) |
| 本书结合土木工程结构设计方法和辅助设计系统,介绍了中国建筑科学研究院PKPMCAD工程部系列软件QITI及相关模块等在普通砖砌体结构、底框砖混结构和砌块建筑中的应用。 |
| ● |
| 相关链接 |
|
|
|
正题名:PKPM软件砌体与底框结构设计入门
索取号:TU311.41/J252
 
预约/预借
| 序号 | 登录号 | 条形码 | 馆藏地/架位号 | 状态 | 备注 |
| 1 | 898629 | 208986294 | 建筑库101/101建筑库 79排1列3层/ [索取号:TU311.41/J252] | 在馆 | |
| 2 | 898630 | 208986301 | 建筑库101/101建筑库 79排1列3层/ [索取号:TU311.41/J252] | 在馆 | |
| 3 | 898631 | 208986310 | 建筑库101/101建筑库 79排1列3层/ [索取号:TU311.41/J252] | 在馆 |